| 000 | 01019nam a22002417a 4500 | ||
|---|---|---|---|
| 999 |
_c19176 _d19176 |
||
| 003 | AR-CdUCM | ||
| 008 | 190516b ||||| |||| 00| 0 spa d | ||
| 040 |
_aMUNICIPALIDAD PROVINCIAL DEL CUSCO _cBIBLIOTECA MUNICIPAL DEL CUSCO |
||
| 082 |
_a378 / _bA93 |
||
| 100 |
_aAxford, Róger W. _940363 |
||
| 245 | _aFundamentos y propósitos de la educación de adultos. / | ||
| 260 |
_aArgentina : _bTroquel, _c1976. |
||
| 300 |
_a319 paginas ; _bCuadros, tablas, _c29 cm. |
||
| 500 | _aTitulo original : Adult education : the open door | ||
| 505 | _aContenido : Por que la educación del adulto -- Antecedentes del movimiento educacional del adulto -- Algunos precursores de la educación del adulto -- Como es un educador de adultos... | ||
| 650 |
_aEducación para adultos _940364 |
||
| 650 |
_aLa enseñanza _939510 |
||
| 650 |
_aMaestros para adultos _940365 |
||
| 650 |
_aRequerimientos educativos _940366 |
||
| 700 |
_aViñuales, Carlos (Traducción) _940367 |
||
| 942 |
_2ddc _cLIBROS |
||
| 945 |
_awnts _d2019-05-16 |
||